000 00691nam a2200205Ii 4500
003 JO-AjNU
008 230605s9999||||xx |||||||||||||| ||und||
040 _aJO-AjNU
_bara
_erda
_cJO-AjNU
041 _aara
050 1 4 _aDS99.U35.H32 1993
100 3 _aتاليف حداد، حسني، م.مشارك مجاعص، سليم,
_eauthor
_916155
245 0 0 _aبعل هداد: دراسة في التاريخ الديني السوري
250 _aط1
264 3 1 _aدمشق: دار امواج، 1993
300 _a246ص
336 _atext
_btxt
_2rdacontent
337 _aunmediated
_bn
_2rdamedia
338 _avolume
_bnc
_2rdacarrier
650 4 _aدمشق: ديانات بدائية
_916156
999 _aA4725
_c8293
_d8293